| 000 | 01305nam a22002897a 4500 | ||
|---|---|---|---|
| 003 | SEM | ||
| 005 | 20260226150333.0 | ||
| 008 | 260225s2025 ai ||||gr|||||001|||arm|d | ||
| 020 | _a9789939593470 | ||
| 040 |
_aSEM _cSEM |
||
| 041 | _aarm | ||
| 080 | _a008(47.925)(Արց.)/Մ-15 | ||
| 100 | _aՄաթևոսյան, Կարեն ; Մինասյան, Թամարա | ||
| 245 |
_aԱրցախ՝ վանքեր, եկեղեցիներ և ձեռագրերեր / _cԿ. Մաթևոսյան , Թ. Մինասյան ; Կաթողիկոսություն Ամենայն Հայոց |
||
| 246 | _aArtsakh. monasteries, churches, and manuscripts / | ||
| 246 | _aАрцах . монастыри, церкви и рукописи / | ||
| 260 |
_aՍ. Էջմիածին : _bՄայր Աթոռ Սուրբ Էջմիածին, _c2025. |
||
| 300 |
_a163 էջ ; _bնկ.; _c32 սմ |
||
| 504 | _aՊատկերացանկ՝ էջ 149-154 ; Օգտ. գրակ ցանկ.՝ էջ 155-157 | ||
| 650 |
_aՀայկական մշակույթ _zԱրցախ |
||
| 650 |
_aՀայկական ձեռագրեր _zԱրցախ |
||
| 650 |
_aՀայոց պատմություն _zԱրցախ |
||
| 650 |
_aՀայկական վանքեր _zԱրցախ |
||
| 653 | _aՍԷՄ | ||
| 710 | _aԿաթողիկոսություն Ամենայն Հայոց | ||
| 942 |
_2ddc _cBK _n0 |
||
| 999 |
_c77169 _d77169 |
||